[Event "CAN-ch"]
[Site "Brantford"]
[Date "1999.09.04"]
[Round "5"]
[White "Allan, Denis"]
[Black "Gardner, Robert"]
[Result "0-1"]
[WhiteElo "2295"]
[BlackElo "2247"]
[PlyCount "68"]
[GameId "2160767911742353"]
[EventDate "1999.08.31"]
[EventType "swiss"]
[EventRounds "9"]
[EventCountry "CAN"]
[SourceTitle "EXT 2000"]
[Source "ChessBase"]
[SourceDate "1999.11.18"]
[SourceVersion "1"]
[SourceVersionDate "1999.11.18"]
[SourceQuality "1"]

1. e4 c5 2. Nf3 d6 3. c3 Nf6 4. h3 Nc6 5. Bd3 h6 6. Bc2 g5 7. d4 cxd4 8. Nxd4 e5 9. Ne2 Be6 10. Ng3 d5 11. Nd2 Qb6 12. Qf3 Nxe4 13. Ndxe4 dxe4 14. Bxe4 O-O-O 15. O-O Be7 16. Nf5 Bxf5 17. Qxf5+ Kb8 18. Qxf7 Rhf8 19. Qc4 Rxf2 20. Rxf2 Bc5 21. Kh2 Bxf2 22. Qe2 Bc5 23. b4 Bg1+ 24. Kh1 Qf2 25. Bf3 Qxe2 26. Bxe2 Bf2 27. b5 Ne7 28. g4 Nd5 29. Kg2 Bh4 30. Bd2 e4 31. Rd1 e3 32. Be1 Nf4+ 33. Kf3 Rxd1 34. Bxd1 Bxe1 0-1

[Event "CAN-ch"]
[Site "Brantford"]
[Date "1999.09.04"]
[Round "5"]
[White "Campbell, Brett"]
[Black "Fullbrook, Nigel"]
[Result "0-1"]
[WhiteElo "2197"]
[BlackElo "2225"]
[PlyCount "102"]
[GameId "2160767911742356"]
[EventDate "1999.08.31"]
[EventType "swiss"]
[EventRounds "9"]
[EventCountry "CAN"]
[SourceTitle "EXT 2000"]
[Source "ChessBase"]
[SourceDate "1999.11.18"]
[SourceVersion "1"]
[SourceVersionDate "1999.11.18"]
[SourceQuality "1"]

1. Nf3 g6 2. g3 Bg7 3. Bg2 e5 4. d3 d5 5. O-O Nc6 6. Nc3 Nge7 7. e4 d4 8. Ne2 h6 9. Ne1 g5 10. f4 gxf4 11. gxf4 Bg4 12. f5 Qd6 13. Bf3 Bxf3 14. Nxf3 O-O-O 15. Kh1 Bf6 16. Rg1 Rdg8 17. Rxg8+ Nxg8 18. c3 dxc3 19. bxc3 h5 20. Be3 Be7 21. Qd2 Nf6 22. Ng5 Nd8 23. h3 Ng4 24. hxg4 hxg4+ 25. Kg2 Qh6 26. Rg1 f6 27. Ne6 Qh3+ 28. Kf2 Nxe6 29. fxe6 f5 30. exf5 Bh4+ 31. Ng3 Rf8 32. Qe1 Bxg3+ 33. Rxg3 Qh2+ 34. Kf1 Rxf5+ 35. Qf2 Rxf2+ 36. Bxf2 Qh1+ 37. Ke2 Qd5 38. Rxg4 Qxa2+ 39. Ke3 Qxe6 40. Re4 Qh3+ 41. Ke2 Qh2 42. Rh4 Qg2 43. Ra4 a6 44. Ke3 Qd5 45. Bg3 Qc5+ 46. Kd2 Qg1 47. Bxe5 Qf2+ 48. Kd1 Qe3 49. Bd4 Qxd3+ 50. Kc1 c5 51. Bh8 Qh3 0-1

[Event "CAN-ch"]
[Site "Brantford"]
[Date "1999.09.04"]
[Round "5"]
[White "Duong, Thanh Nha"]
[Black "Ross, Dave"]
[Result "1/2-1/2"]
[WhiteElo "2332"]
[BlackElo "2345"]
[PlyCount "78"]
[GameId "2160767911742357"]
[EventDate "1999.08.31"]
[EventType "swiss"]
[EventRounds "9"]
[EventCountry "CAN"]
[SourceTitle "EXT 2000"]
[Source "ChessBase"]
[SourceDate "1999.11.18"]
[SourceVersion "1"]
[SourceVersionDate "1999.11.18"]
[SourceQuality "1"]

1. d4 d5 2. c4 dxc4 3. e4 e5 4. Nf3 exd4 5. Bxc4 Nc6 6. O-O Be6 7. Bxe6 fxe6 8. Qb3 Qd7 9. Qxb7 Rb8 10. Qa6 Nf6 11. Nbd2 Bd6 12. Qc4 Ng4 13. h3 Nge5 14. Nxe5 Nxe5 15. Qxd4 O-O 16. Kh1 Qb5 17. Kg1 Qe2 18. Qe3 Qxe3 19. fxe3 a5 20. Nf3 a4 21. Rb1 Nc4 22. Rf2 Ne5 23. Nxe5 Bxe5 24. Rxf8+ Kxf8 25. Kf2 Kf7 26. Ke2 Kg6 27. b3 axb3 28. axb3 c5 29. Kd3 Rb4 30. Bd2 c4+ 31. Kc2 cxb3+ 32. Rxb3 Rxb3 33. Kxb3 h5 34. Bc3 Bg3 35. Kc4 Kf7 36. Kc5 g6 37. Kc6 Bf2 38. Bd4 Be1 39. Kd7 Bd2 1/2-1/2

[Event "CAN-ch"]
[Site "Brantford"]
[Date "1999.09.04"]
[Round "5"]
[White "Gentes, Kevin"]
[Black "Crisan, Ioan"]
[Result "1/2-1/2"]
[WhiteElo "2325"]
[BlackElo "2247"]
[PlyCount "85"]
[GameId "2160767911742358"]
[EventDate "1999.08.31"]
[EventType "swiss"]
[EventRounds "9"]
[EventCountry "CAN"]
[SourceTitle "EXT 2000"]
[Source "ChessBase"]
[SourceDate "1999.11.18"]
[SourceVersion "1"]
[SourceVersionDate "1999.11.18"]
[SourceQuality "1"]

1. g3 c5 2. Bg2 Nc6 3. c4 g6 4. Nc3 Bg7 5. e3 e5 6. Nge2 Nge7 7. O-O O-O 8. a3 d6 9. Rb1 Be6 10. Nd5 Qd7 11. b4 Rab8 12. d3 Bh3 13. b5 Bxg2 14. Kxg2 Nd8 15. Nec3 Ne6 16. e4 Nxd5 17. cxd5 Nd4 18. Be3 f5 19. f3 fxe4 20. fxe4 Rxf1 21. Qxf1 Rf8 22. Qd1 Nf3 23. h3 g5 24. Rb2 h5 25. Rf2 g4 26. h4 Qe8 27. a4 Qg6 28. Qc1 b6 29. Nb1 Bf6 30. Na3 Bxh4 31. gxh4 Nxh4+ 32. Kf1 Rxf2+ 33. Kxf2 Qf6+ 34. Kg3 Ng6 35. Qh1 Nf4 36. Qf1 h4+ 37. Kxg4 Qg6+ 38. Kxh4 Qh6+ 39. Kg3 Qg5+ 40. Kf2 Qh4+ 41. Kf3 Qh5+ 42. Kf2 Qh4+ 43. Kf3 1/2-1/2

[Event "CAN-ch"]
[Site "Brantford"]
[Date "1999.09.04"]
[Round "5"]
[White "Glinert, Stephen"]
[Black "Day, Lawrence"]
[Result "0-1"]
[WhiteElo "2191"]
[BlackElo "2319"]
[PlyCount "57"]
[GameId "2160767911742359"]
[EventDate "1999.08.31"]
[EventType "swiss"]
[EventRounds "9"]
[EventCountry "CAN"]
[SourceTitle "EXT 2000"]
[Source "ChessBase"]
[SourceDate "1999.11.18"]
[SourceVersion "1"]
[SourceVersionDate "1999.11.18"]
[SourceQuality "1"]

1. e4 e6 2. Nc3 d5 3. d4 Bb4 4. Nge2 Nf6 5. exd5 Nxd5 6. a3 Be7 7. Nxd5 exd5 8. Ng3 O-O 9. Bd3 c5 10. dxc5 Bxc5 11. O-O Nc6 12. c3 g6 13. Bf4 Be6 14. Re1 Re8 15. Qd2 Bf8 16. Bh6 Bg7 17. Bc2 Bh8 18. Ne2 d4 19. Rad1 dxc3 20. Nxc3 Qxd2 21. Bxd2 a6 22. Be4 Rac8 23. Rc1 Na5 24. Bd5 Bxd5 25. Nxd5 Rxc1 26. Rxc1 Nb3 27. Ne3 Nxc1 28. Bxc1 Rc8 29. Bd2 0-1

[Event "CAN-ch"]
[Site "Brantford"]
[Date "1999.09.04"]
[Round "5"]
[White "Khassanov, Marat"]
[Black "Hamilton, Robert"]
[Result "0-1"]
[WhiteElo "2367"]
[BlackElo "2315"]
[PlyCount "86"]
[GameId "2160767911742361"]
[EventDate "1999.08.31"]
[EventType "swiss"]
[EventRounds "9"]
[EventCountry "CAN"]
[SourceTitle "EXT 2000"]
[Source "ChessBase"]
[SourceDate "1999.11.18"]
[SourceVersion "1"]
[SourceVersionDate "1999.11.18"]
[SourceQuality "1"]

1. e4 c6 2. Ne2 d5 3. e5 c5 4. d4 cxd4 5. Nxd4 Nc6 6. Bb5 Bd7 7. e6 fxe6 8. O-O Nxd4 9. Bxd7+ Qxd7 10. Qxd4 Nf6 11. Nd2 g6 12. Nf3 Bg7 13. Ne5 Ng4 14. Qxg4 Bxe5 15. Re1 Qd6 16. Bd2 O-O 17. Re2 Rf5 18. Bb4 Qc7 19. h3 Bxb2 20. Rd1 Bf6 21. Rxe6 Rf4 22. Bd6 Rxg4 23. Bxc7 Rc4 24. Bg3 Rxc2 25. Rxd5 Kf7 26. Re4 Rxa2 27. Rd7 Rb2 28. Kh2 Rb5 29. Bh4 g5 30. Bg3 a5 31. Ra4 Ke6 32. Rd3 Rb4 33. Ra2 b5 34. f4 gxf4 35. Be1 Rd4 36. Rxd4 Bxd4 37. Rxa5 Rxa5 38. Bxa5 Be5 39. Kg1 Kd5 40. Kf2 Ke4 41. Ke2 Kd4 42. Kd2 Kc4 43. Bd8 e6 0-1

[Event "CAN-ch"]
[Site "Brantford"]
[Date "1999.09.04"]
[Round "5"]
[White "Nickoloff, Bryon"]
[Black "Zugic, Igor"]
[Result "1/2-1/2"]
[WhiteElo "2421"]
[BlackElo "2406"]
[PlyCount "39"]
[GameId "2160767911742363"]
[EventDate "1999.08.31"]
[EventType "swiss"]
[EventRounds "9"]
[EventCountry "CAN"]
[SourceTitle "EXT 2000"]
[Source "ChessBase"]
[SourceDate "1999.11.18"]
[SourceVersion "1"]
[SourceVersionDate "1999.11.18"]
[SourceQuality "1"]

1. d4 Nf6 2. c4 g6 3. Nc3 d5 4. cxd5 Nxd5 5. Na4 Bf5 6. a3 Bg7 7. Nf3 O-O 8. b4 c6 9. e3 Bg4 10. Bb2 Nd7 11. Be2 Qc7 12. Rc1 Rad8 13. Qb3 Qb8 14. Nc5 Nxc5 15. Rxc5 Nb6 16. O-O Nd7 17. Rc2 e5 18. dxe5 Bxf3 19. Bxf3 Bxe5 20. Bxe5 1/2-1/2

[Event "CAN-ch"]
[Site "Brantford"]
[Date "1999.09.04"]
[Round "5"]
[White "Spraggett, Kevin"]
[Black "Schleifer, Michael"]
[Result "1/2-1/2"]
[WhiteElo "2521"]
[BlackElo "2333"]
[PlyCount "166"]
[GameId "2160767911742365"]
[EventDate "1999.08.31"]
[EventType "swiss"]
[EventRounds "9"]
[EventCountry "CAN"]
[SourceTitle "EXT 2000"]
[Source "ChessBase"]
[SourceDate "1999.11.18"]
[SourceVersion "1"]
[SourceVersionDate "1999.11.18"]
[SourceQuality "1"]

1. e4 c5 2. Nf3 Nc6 3. Bb5 Qb6 4. Nc3 e6 5. O-O Nge7 6. a4 a6 7. Bc4 Ng6 8. d3 Be7 9. Ne2 Qd8 10. Ng3 d5 11. Ba2 O-O 12. c3 Rb8 13. d4 c4 14. e5 b5 15. Bb1 b4 16. Bc2 Na5 17. Be3 Bd7 18. Nd2 f5 19. exf6 Bxf6 20. Nh5 Qe8 21. Nxf6+ gxf6 22. Bh6 Rf7 23. Re1 Kh8 24. Re3 b3 25. Bb1 Nc6 26. Qh5 Nce7 27. f4 f5 28. Nf3 Ng8 29. Bg5 Nf6 30. Bxf6+ Rxf6 31. Ng5 Qg8 32. Rh3 Nf8 33. Qe2 Qg7 34. Qe5 Rc8 35. a5 Kg8 36. Qd6 Bc6 37. Re3 e5 38. Qxe5 Ng6 39. Ne6 Qf7 40. Qd6 Bd7 41. Bxf5 Rxf5 42. Ng5 Qg7 43. Ne6 Rf6 44. f5 Qe7 45. Qxe7 Nxe7 46. Nc5 Rxc5 47. dxc5 Nxf5 48. Re5 Be6 49. c6 Kf7 50. c7 Nd6 51. Rd1 Nc8 52. Re3 Rg6 53. Kf2 Nd6 54. Re5 Rg8 55. Rd4 Ne4+ 56. Ke3 Rc8 57. Rd1 Kf6 58. Kd4 Rxc7 59. g4 Rg7 60. h3 Ke7 61. Rh5 Kd6 62. Rh6 Rf7 63. Ke3 Rf2 64. Rb1 Rh2 65. Kf4 Nc5 66. Kg3 Rd2 67. Rxh7 Nd3 68. Ra7 Rxb2 69. Rxa6+ Ke5 70. Rxb2 Nxb2 71. Rc6 d4 72. a6 Bd5 73. cxd4+ Ke4 74. Rd6 Na4 75. a7 Ba8 76. Rd8 Nb6 77. Rb8 c3 78. Rxb6 c2 79. Rb8 c1=Q 80. Rxa8 Qe1+ 81. Kg2 Kd3 82. Rb8 Qe4+ 83. Kg3 Qe3+ 1/2-1/2

[Event "CAN-ch"]
[Site "Brantford"]
[Date "1999.09.05"]
[Round "6"]
[White "Crisan, Ioan"]
[Black "Khassanov, Marat"]
[Result "0-1"]
[WhiteElo "2247"]
[BlackElo "2367"]
[PlyCount "72"]
[GameId "2160767911742366"]
[EventDate "1999.08.31"]
[EventType "swiss"]
[EventRounds "9"]
[EventCountry "CAN"]
[SourceTitle "EXT 2000"]
[Source "ChessBase"]
[SourceDate "1999.11.18"]
[SourceVersion "1"]
[SourceVersionDate "1999.11.18"]
[SourceQuality "1"]

1. e4 e5 2. Nf3 Nc6 3. Bb5 Nf6 4. O-O Nxe4 5. d4 Nd6 6. Bxc6 dxc6 7. dxe5 Nf5 8. Qe2 Nd4 9. Nxd4 Qxd4 10. Be3 Qxb2 11. Nd2 Qxc2 12. Rac1 Qg6 13. f4 Be7 14. e6 f5 15. Bc5 Qf6 16. Bxe7 Qxe7 17. Rfe1 O-O 18. Rc3 c5 19. Qe5 b6 20. Rd3 Rb8 21. g4 fxg4 22. Rg3 Bb7 23. Rxg4 Rbd8 24. Nf1 Rd5 25. Qe3 c4 26. Ng3 Qc5 27. f5 c3 28. Qxc5 Rxc5 29. f6 Rxf6 30. e7 Bc6 31. Ne4 Re6 32. Nf6+ Kf7 33. Rxe6 Kxe6 34. e8=Q+ Bxe8 35. Nxe8 c2 36. Nxg7+ Kf7 0-1

[Event "CAN-ch"]
[Site "Brantford"]
[Date "1999.09.05"]
[Round "6"]
[White "Day, Lawrence"]
[Black "Nickoloff, Bryon"]
[Result "1/2-1/2"]
[WhiteElo "2319"]
[BlackElo "2421"]
[PlyCount "26"]
[GameId "2160767911742367"]
[EventDate "1999.08.31"]
[EventType "swiss"]
[EventRounds "9"]
[EventCountry "CAN"]
[SourceTitle "EXT 2000"]
[Source "ChessBase"]
[SourceDate "1999.11.18"]
[SourceVersion "1"]
[SourceVersionDate "1999.11.18"]
[SourceQuality "1"]

1. e4 c5 2. Nf3 d6 3. c3 Nf6 4. h3 g6 5. Bb5+ Bd7 6. Bxd7+ Qxd7 7. Qe2 Bg7 8. O-O O-O 9. Rd1 Nc6 10. d4 cxd4 11. cxd4 d5 12. e5 Ne8 13. Ne1 Nc7 1/2-1/2

[Event "CAN-ch"]
[Site "Brantford"]
[Date "1999.09.05"]
[Round "6"]
[White "Fullbrook, Nigel"]
[Black "Gentes, Kevin"]
[Result "1-0"]
[WhiteElo "2225"]
[BlackElo "2325"]
[PlyCount "80"]
[GameId "2160767911742368"]
[EventDate "1999.08.31"]
[EventType "swiss"]
[EventRounds "9"]
[EventCountry "CAN"]
[SourceTitle "EXT 2000"]
[Source "ChessBase"]
[SourceDate "1999.11.18"]
[SourceVersion "1"]
[SourceVersionDate "1999.11.18"]
[SourceQuality "1"]

1. b4 e6 2. Bb2 Nf6 3. a3 c6 4. e3 d5 5. g4 a5 6. g5 Nfd7 7. h4 axb4 8. axb4 Rxa1 9. Bxa1 Qb6 10. f4 Qxb4 11. Nf3 Qa5 12. Nc3 b5 13. Ne2 c5 14. Ng3 Nc6 15. Bh3 Qc7 16. Qe2 b4 17. O-O Rg8 18. Nh2 g6 19. Ng4 Bg7 20. Bxg7 Rxg7 21. Qb5 Qb7 22. Qa4 Qa6 23. Qb3 Qa3 24. Qxa3 bxa3 25. Ra1 Ke7 26. Rxa3 f5 27. gxf6+ Nxf6 28. Ne5 Nxe5 29. fxe5 Ne8 30. c4 dxc4 31. Ne4 Kd8 32. Nxc5 Nc7 33. Ra7 Re7 34. Kf2 Ne8 35. Ra8 Kc7 36. Rxc8+ Kxc8 37. Bxe6+ Kc7 38. Bxc4 Rxe5 39. d4 Rh5 40. Kg3 Nd6 1-0

[Event "CAN-ch"]
[Site "Brantford"]
[Date "1999.09.05"]
[Round "6"]
[White "Gardner, Robert"]
[Black "Ross, Dave"]
[Result "0-1"]
[WhiteElo "2247"]
[BlackElo "2345"]
[PlyCount "120"]
[GameId "2160767911742369"]
[EventDate "1999.08.31"]
[EventType "swiss"]
[EventRounds "9"]
[EventCountry "CAN"]
[SourceTitle "EXT 2000"]
[Source "ChessBase"]
[SourceDate "1999.11.18"]
[SourceVersion "1"]
[SourceVersionDate "1999.11.18"]
[SourceQuality "1"]

1. f4 b5 2. e4 Bb7 3. d3 e6 4. Nf3 c5 5. g3 Ne7 6. Be3 Qc7 7. Bg2 d6 8. O-O g6 9. Nbd2 Bg7 10. c3 Nd7 11. h3 a5 12. g4 b4 13. Rc1 bxc3 14. bxc3 Ba6 15. Ne1 Rb8 16. f5 gxf5 17. exf5 exf5 18. gxf5 Rg8 19. Ne4 Nf6 20. Rf2 Nxe4 21. dxe4 Be5 22. Bf4 Bxf4 23. Rxf4 Rb2 24. Rc2 Rxc2 25. Qxc2 Nc6 26. Rh4 Rg7 27. f6 Rg6 28. Qf2 h6 29. Qf4 Ne5 30. Rxh6 Rxh6 31. Qxh6 Qb6 32. Qd2 Qd8 33. Qf4 Nd7 34. Qxd6 Qxf6 35. Qxf6 Nxf6 36. Kf2 Bc4 37. a3 Nd7 38. Ke3 Ke7 39. Nd3 Kd6 40. h4 Bxd3 41. Kxd3 Ne5+ 42. Ke3 Nc4+ 43. Kf4 Nxa3 44. e5+ Ke7 45. h5 Nb5 46. h6 Kf8 47. Bd5 Nxc3 48. Bc4 Kg8 49. Kg4 a4 50. Bxf7+ Kh7 51. Kh5 a3 52. Bc4 a2 53. Bxa2 Nxa2 54. e6 Nc3 55. e7 Nd5 56. e8=N c4 57. Nd6 c3 58. Ne4 c2 59. Ng5+ Kg8 60. Kg6 Ne7+ 0-1

[Event "CAN-ch"]
[Site "Brantford"]
[Date "1999.09.05"]
[Round "6"]
[White "Jung, Hans"]
[Black "Allan, Denis"]
[Result "1-0"]
[WhiteElo "2251"]
[BlackElo "2295"]
[PlyCount "79"]
[GameId "2160767911742372"]
[EventDate "1999.08.31"]
[EventType "swiss"]
[EventRounds "9"]
[EventCountry "CAN"]
[SourceTitle "EXT 2000"]
[Source "ChessBase"]
[SourceDate "1999.11.18"]
[SourceVersion "1"]
[SourceVersionDate "1999.11.18"]
[SourceQuality "1"]

1. Nc3 c5 2. e4 Nc6 3. g3 g6 4. Bg2 Bg7 5. Nge2 d6 6. O-O Rb8 7. b3 b5 8. Bb2 Bd7 9. Qc1 Nd4 10. Nxd4 cxd4 11. Ne2 Qb6 12. c3 e5 13. cxd4 exd4 14. d3 Ne7 15. Qd2 O-O 16. Rac1 Nc6 17. f4 Ne7 18. f5 gxf5 19. Bh3 Kh8 20. exf5 Bf6 21. Nf4 Rg8 22. Rce1 Bc6 23. Nh5 Be5 24. Qh6 Nd5 25. Bg2 Qd8 26. Rxe5 dxe5 27. Qxc6 Ne3 28. Re1 Rb6 29. Qe4 Nxg2 30. Kxg2 f6 31. Bc1 Qe8 32. Qf3 Rc6 33. Bh6 Rc2+ 34. Kh3 Qe7 35. Re2 Rc3 36. Re4 Rcc8 37. Rg4 Qf7 38. Rg7 Rxg7 39. Bxg7+ Kg8 40. Qg4 1-0

[Event "CAN-ch"]
[Site "Brantford"]
[Date "1999.09.05"]
[Round "6"]
[White "Reddy, Tyler"]
[Black "Glinert, Stephen"]
[Result "0-1"]
[WhiteElo "2027"]
[BlackElo "2191"]
[PlyCount "88"]
[GameId "2160767911742374"]
[EventDate "1999.08.31"]
[EventType "swiss"]
[EventRounds "9"]
[EventCountry "CAN"]
[SourceTitle "EXT 2000"]
[Source "ChessBase"]
[SourceDate "1999.11.18"]
[SourceVersion "1"]
[SourceVersionDate "1999.11.18"]
[SourceQuality "1"]

1. c4 g6 2. g3 Bg7 3. Bg2 d6 4. Nc3 e5 5. d3 Nc6 6. e4 Be6 7. Nge2 Qd7 8. O-O h5 9. h4 Bh3 10. Bxh3 Qxh3 11. Nd5 Rc8 12. Qa4 Nf6 13. Nxf6+ Bxf6 14. b4 Kf8 15. b5 Nd8 16. Qxa7 b6 17. Be3 Ne6 18. Qa3 g5 19. Bxb6 Be7 20. Qa6 Nf4 21. Nxf4 gxf4 22. Bxc7 fxg3 23. Qxc8+ Qxc8 24. fxg3 Qxc7 25. Rf3 Qc5+ 26. Kg2 Bd8 27. a4 Ba5 28. Raf1 Rh7 29. Ra1 Rg7 30. Ra2 Qb4 31. Raf2 Bb6 32. Rf1 Qxa4 33. Kh3 Bd8 34. Rf5 Qc2 35. R5f3 Bxh4 36. R1f2 Qc1 37. Rf1 Qg5 38. b6 Qg4+ 39. Kg2 Bxg3 40. Rxf7+ Rxf7 41. Rxf7+ Kxf7 42. b7 Bf4+ 43. Kf1 Qd1+ 44. Kg2 Qe2+ 0-1

[Event "CAN-ch"]
[Site "Brantford"]
[Date "1999.09.05"]
[Round "6"]
[White "Yoos, John"]
[Black "Spraggett, Kevin"]
[Result "0-1"]
[WhiteElo "2302"]
[BlackElo "2521"]
[PlyCount "172"]
[GameId "2160767911742377"]
[EventDate "1999.08.31"]
[EventType "swiss"]
[EventRounds "9"]
[EventCountry "CAN"]
[SourceTitle "EXT 2000"]
[Source "ChessBase"]
[SourceDate "1999.11.18"]
[SourceVersion "1"]
[SourceVersionDate "1999.11.18"]
[SourceQuality "1"]

1. e4 c5 2. Nf3 e6 3. d4 cxd4 4. Nxd4 a6 5. Bd3 Nf6 6. O-O Qc7 7. c4 Nc6 8. Nxc6 dxc6 9. f4 e5 10. f5 h5 11. Kh1 Bc5 12. Nd2 a5 13. Nb3 Ba7 14. a4 Nd7 15. Bg5 Nc5 16. Nxc5 Bxc5 17. Be2 f6 18. Bxh5+ Kf8 19. Bh4 Bd4 20. Bf2 c5 21. Bxd4 cxd4 22. Be2 Bd7 23. Bd3 Qc5 24. b3 Ke7 25. g3 Rh3 26. Qg4 Rh7 27. Qe2 Qb4 28. Rab1 Rah8 29. h4 Rh6 30. Qe1 Qxe1 31. Rbxe1 Kd6 32. Rf3 Kc5 33. Kh2 Kb4 34. Bf1 Bc6 35. Bg2 Rd8 36. Rd3 Bd7 37. Rf1 Rdh8 38. Bh3 Bc6 39. Bg2 Ka3 40. Rf2 Rg8 41. Re2 Kb4 42. Bh3 Ra8 43. Bg2 Kc5 44. Bh3 Be8 45. Rf2 Rh8 46. Bg4 Kb4 47. Kg2 Bf7 48. Rb2 Rag8 49. Kf3 Rh6 50. Bh3 Be8 51. Re2 Bd7 52. Kg2 Rc8 53. Ra2 Rc7 54. Kh2 Bc8 55. Kg2 b6 56. Kh2 Bb7 57. Bg2 Rc8 58. Kh3 Rch8 59. Kh2 Bc6 60. Re2 Bd7 61. Bh3 Rc8 62. Ra2 Rhh8 63. Kg2 Bc6 64. Kf3 Rcf8 65. Bg4 g5 66. hxg5 fxg5 67. Ra1 Rh2 68. Re1 Rf6 69. Rb1 Rfh6 70. Rdd1 Bb7 71. Rdc1 Kc5 72. Rd1 Bc6 73. Rdc1 Kd6 74. b4 axb4 75. Rxb4 Ra2 76. Rxb6 Rhh2 77. Bh5 Rxh5 78. Kg4 Rh8 79. Kxg5 Kc5 80. a5 Rxa5 81. Rcb1 Ra3 82. g4 Rg8+ 83. Kf6 Rxg4 84. Rxc6+ Kxc6 85. Kxe5 Re3 86. Kxd4 Rgxe4# 0-1

[Event "CAN-ch"]
[Site "Brantford"]
[Date "1999.09.05"]
[Round "6"]
[White "Zugic, Igor"]
[Black "Berry, Jonathan"]
[Result "1-0"]
[WhiteElo "2406"]
[BlackElo "2287"]
[PlyCount "53"]
[GameId "2160767911742378"]
[EventDate "1999.08.31"]
[EventType "swiss"]
[EventRounds "9"]
[EventCountry "CAN"]
[SourceTitle "EXT 2000"]
[Source "ChessBase"]
[SourceDate "1999.11.18"]
[SourceVersion "1"]
[SourceVersionDate "1999.11.18"]
[SourceQuality "1"]

1. d4 d5 2. c4 e6 3. Nc3 c6 4. e3 f5 5. f4 Nd7 6. Nf3 Bd6 7. Be2 Nh6 8. O-O O-O 9. c5 Be7 10. b4 b6 11. Bd2 a5 12. a3 Nf7 13. Qc2 Ba6 14. Bxa6 Rxa6 15. b5 cxb5 16. c6 Nf6 17. Nxb5 Ne4 18. Ne5 Nfd6 19. a4 Nxb5 20. axb5 Ra7 21. Rfb1 g5 22. Bxa5 Rxa5 23. Rxa5 bxa5 24. b6 Bb4 25. c7 Qc8 26. Nc6 Kf7 27. b7 1-0

[Event "CAN-ch"]
[Site "Brantford"]
[Date "1999.09.07"]
[Round "7"]
[White "Berry, Jonathan"]
[Black "Hamilton, Robert"]
[Result "1-0"]
[WhiteElo "2287"]
[BlackElo "2315"]
[PlyCount "71"]
[GameId "2160767911742380"]
[EventDate "1999.08.31"]
[EventType "swiss"]
[EventRounds "9"]
[EventCountry "CAN"]
[SourceTitle "EXT 2000"]
[Source "ChessBase"]
[SourceDate "1999.11.18"]
[SourceVersion "1"]
[SourceVersionDate "1999.11.18"]
[SourceQuality "1"]

1. d4 e6 2. Nf3 d5 3. c3 c5 4. Bg5 Qb6 5. Qb3 Qc7 6. e3 Nc6 7. Nbd2 Bd6 8. dxc5 Bxc5 9. Bd3 Nge7 10. e4 O-O 11. O-O Re8 12. Rfe1 b6 13. Bh4 Bb7 14. Bg3 Bd6 15. e5 Bc5 16. Qa4 Ng6 17. Qg4 Qd8 18. h4 Nf8 19. h5 h6 20. Nb3 Be7 21. Bf4 Kh8 22. Re3 Nh7 23. Rae1 Rg8 24. Nfd4 Rc8 25. Rg3 Nxd4 26. Nxd4 Bc6 27. Bd2 Bd7 28. Ree3 Bc5 29. Ref3 Qe8 30. Bg6 fxg6 31. hxg6 Bf8 32. Rf7 Qd8 33. Bxh6 Be8 34. Bg5 Qxg5 35. Qxg5 Bxf7 36. Rh3 1-0

[Event "CAN-ch"]
[Site "Brantford"]
[Date "1999.09.07"]
[Round "7"]
[White "Campbell, Brett"]
[Black "Crisan, Ioan"]
[Result "1/2-1/2"]
[WhiteElo "2197"]
[BlackElo "2247"]
[PlyCount "147"]
[GameId "2160767911742382"]
[EventDate "1999.08.31"]
[EventType "swiss"]
[EventRounds "9"]
[EventCountry "CAN"]
[SourceTitle "EXT 2000"]
[Source "ChessBase"]
[SourceDate "1999.11.18"]
[SourceVersion "1"]
[SourceVersionDate "1999.11.18"]
[SourceQuality "1"]

1. c4 c5 2. Nc3 g6 3. g3 Bg7 4. Bg2 Nc6 5. e4 e6 6. Nge2 Nge7 7. a3 O-O 8. Rb1 Nd4 9. b4 d5 10. cxd5 exd5 11. bxc5 dxe4 12. Nxd4 Qxd4 13. Nxe4 Bh3 14. Bf3 Rfe8 15. Rb4 Qa1 16. Nd6 Nc6+ 17. Re4 Rxe4+ 18. Bxe4 Qe5 19. Qb3 Qxc5 20. Qxf7+ Kh8 21. Qd5 Qxc1+ 22. Ke2 Bg4+ 23. f3 Nd4+ 24. Qxd4 Qxh1 25. Nf7+ Kg8 26. Qd5 Qg2+ 27. Ke3 Qg1+ 28. Ke2 Bxf3+ 29. Bxf3 Re8+ 30. Ne5+ Kh8 31. d4 Bxe5 32. dxe5 Qxh2+ 33. Kd3 Qxg3 34. e6 Qc7 35. Qd4+ Qg7 36. Qd6 h5 37. Bd5 Qf6 38. Qd7 Rd8 39. e7 Rxd7 40. e8=Q+ Kg7 41. Qxd7+ Kh6 42. Qxb7 Qf1+ 43. Kc3 Qa1+ 44. Qb2 Qxb2+ 45. Kxb2 g5 46. Kc3 g4 47. Kd4 Kg5 48. Ke3 Kf5 49. Bc6 Ke5 50. Be8 h4 51. Bd7 g3 52. Bh3 Kd5 53. Bf1 Kc5 54. Kd3 Kd5 55. Bg2+ Ke5 56. Ke3 Kd6 57. Kd4 Ke6 58. Bh3+ Kd6 59. Bf1 Ke6 60. Ke4 Kd6 61. Kd4 Ke6 62. Bh3+ Kd6 63. a4 Kc6 64. Kc4 Kd6 65. Kd4 Kc6 66. Bf1 Kd6 67. a5 Ke6 68. Bh3+ Kd6 69. Kc4 Ke5 70. Kb5 Kf4 71. Ka6 Kf3 72. Kxa7 g2 73. Bxg2+ Kxg2 74. Kb6 1/2-1/2

[Event "CAN-ch"]
[Site "Brantford"]
[Date "1999.09.07"]
[Round "7"]
[White "Duong, Thanh Nha"]
[Black "Day, Lawrence"]
[Result "0-1"]
[WhiteElo "2332"]
[BlackElo "2319"]
[PlyCount "108"]
[GameId "2160767911742383"]
[EventDate "1999.08.31"]
[EventType "swiss"]
[EventRounds "9"]
[EventCountry "CAN"]
[SourceTitle "EXT 2000"]
[Source "ChessBase"]
[SourceDate "1999.11.18"]
[SourceVersion "1"]
[SourceVersionDate "1999.11.18"]
[SourceQuality "1"]

1. d4 d6 2. e4 g6 3. Nc3 c6 4. Be3 Bg7 5. Qd2 b5 6. Bd3 Nd7 7. h4 h5 8. O-O-O Nb6 9. b3 Qc7 10. Nh3 a5 11. Kb1 Rb8 12. Rhe1 b4 13. Ne2 Nf6 14. f3 Bxh3 15. gxh3 Nfd7 16. f4 d5 17. f5 dxe4 18. Bf4 Qb7 19. Bxe4 gxf5 20. Bxf5 Rd8 21. Ng3 Nd5 22. Ne4 Kf8 23. Bg5 N7f6 24. Ka1 Nxe4 25. Bxe4 Nf6 26. Kb1 Nxe4 27. Rxe4 Rd7 28. Rde1 e6 29. Qf2 Kg8 30. Rg1 c5 31. Qg2 Kf8 32. dxc5 f5 33. Ree1 Qxg2 34. Rxg2 Kf7 35. Bf4 Bc3 36. Reg1 Rd5 37. Bd6 Rd8 38. Rg5 Bd4 39. Rc1 Be3 40. Rxh5 Kg6 41. Rg5+ Bxg5 42. Rg1 e5 43. hxg5 Rh8 44. Re1 e4 45. Be7 Rxh3 46. a3 Rh7 47. Bd6 Kxg5 48. axb4 axb4 49. c3 Rh3 50. Rg1+ Kf6 51. Bf8 Kf7 52. Bg7 Rxc5 53. Bd4 Rd5 54. Rg7+ Kf8 0-1